000 00451cam a2200181ua 4500
020 _c8.00
041 _aeng
_h
082 _a624.1517
_bSHA/TE
100 _aShahane, Iyengar .
245 _aText book of surveying and levelling /
_cShahane Iyengar.
_hTextual Documents
250 _a1 /
_b.
260 _aMumbai :
_bEngineering Book Co. ,
_c1985.
300 _a ; .
365 _a8.00
504 _a
942 _cBK
999 _c5606
_d5606